| 000 | 00880namaa22002051 4500 | ||
|---|---|---|---|
| 001 | 174287 | ||
| 003 | ES-MaACL | ||
| 005 | 20250717061210.0 | ||
| 008 | 100323s1854 sp r |||| | spa d | ||
| 080 | _a230.1 | ||
| 080 | _a141.12 | ||
| 100 | 1 |
_aDebreyne, Pierre-Jean-Corneille. _9142370 |
|
| 245 | 1 | 0 |
_aPensamientos de un creyente católico, ó sean consideraciones filosoficas morales y religiosas sobre el materialismo moderno, y otros puntos, como el alma de las bestias, la frenologìa, el suicidio, el duelo ó desafio y el magnetismo animal / _cobra... por P. J. C. Debreyne traducida al español de la tercera edición. |
| 260 |
_aBarcelona : _bLibrería Religiosa, _c1854 ( _fImpr. de Pablo Riera) |
||
| 300 |
_a322 p. ; _c22 cm. |
||
| 650 | 0 | 7 |
_aMaterialismo _2embne _914847 |
| 650 | 0 | 4 |
_aApologética. _99921 |
| 852 |
_aES-MaACL _jC-667 |
||
| 999 |
_c174287 _d174287 |
||